Villes de France en A - Statistiques

Statistiques générales
  • Ce quiz a été pris 214 fois
  • Le résultat moyen est 8 sur 18
Statistiques - réponses
Population Ville % Correct
136K Amiens
81%
155K Angers
74%
133K Annecy
68%
50K Arles
57%
92K Avignon
56%
152K Aix-en-Provence
55%
43K Arras
46%
91K Aubervilliers
46%
41K Angoulème
42%
50K Albi
40%
80K Antibes
36%
34K Agen
34%
47K Alès
30%
37K Annemasse
21%
92K Aulnay-sous-Bois
21%
89K Asnières-sur-Seine
19%
33K Aix-les-Bains
18%
49K Aubagne
16%
Aucun quiz correspondant
Distribution des résultats
% des personnes avec chaque résultat
Percentile par nombre de réponses
Votre historique - résultats
Vous n’avez pas pris ce quiz